[Event "GER-chT U12 Girls"]
[Site "Magdeburg"]
[Date "2023.12.28"]
[Round "4.2"]
[White "Wolf, Aurelia"]
[Black "Funke, Luise"]
[Result "0-1"]
[WhiteElo "1001"]
[BlackElo "1018"]
[PlyCount "44"]
[EventDate "2023.12.26"]
[EventType "team-swiss"]
[EventRounds "7"]
[EventCountry "GER"]
[SourceTitle "CB03_2024"]
[SourceDate "2024.01.17"]
[SourceVersion "1"]
[SourceVersionDate "2024.01.17"]
[SourceQuality "1"]
[WhiteTeam "Bad Homburg"]
[BlackTeam "Magdeburg Schachzwerge"]
[WhiteTeamCountry "GER"]
[BlackTeamCountry "GER"]

1. e4 e5 2. Nf3 Nc6 3. Bc4 Bc5 4. c3 Nf6 5. d4 exd4 6. cxd4 Bb4+ 7. Nbd2 Bxd2+ 8. Bxd2 d5 9. exd5 Nxd5 10. 0-0 Bg4 11. Bc3 Qd7 12. Re1+ Nce7 13. Qe2 0-0-0 14. Bxd5 Nxd5 15. Rad1 Rhe8 16. Qd3 Nf4 17. Qxh7 Bxf3 18. gxf3 Nh3+ 19. Kf1 Ng5 20. Qxg7 Qh3+ 21. Kg1 Nxf3+ 22. Kh1 Qxh2# 0-1

[Event "GER-chT U12 Girls"]
[Site "Magdeburg"]
[Date "2023.12.27"]
[Round "1.3"]
[White "Funke, Luise"]
[Black "Lehmann, Clara Theres"]
[Result "1-0"]
[WhiteElo "1018"]
[BlackElo "781"]
[PlyCount "105"]
[EventDate "2023.12.26"]
[EventType "team-swiss"]
[EventRounds "7"]
[EventCountry "GER"]
[SourceTitle "CB03_2024"]
[SourceDate "2024.01.17"]
[SourceVersion "1"]
[SourceVersionDate "2024.01.17"]
[SourceQuality "1"]
[WhiteTeam "Magdeburg Schachzwerge"]
[BlackTeam "Erfurt Empor"]
[WhiteTeamCountry "GER"]
[BlackTeamCountry "GER"]

1. e4 e5 2. Nf3 Nc6 3. Bc4 Bc5 4. c3 Qf6 5. d4 exd4 6. Bg5 Qd6 7. b4 Bb6 8. b5 Na5 9. Bd5 dxc3 10. Nxc3 Qc5 11. Qd2 c6 12. Na4 Qxb5 13. Nc3 Qc5 14. Be3 Qb4 15. a3 Qd6 16. Bxf7+ Ke7 17. Bg5+ Nf6 18. Qxd6+ Kxd6 19. Rd1+ Kc7 20. Bf4+ Kd8 21. Bd6 Nc4 22. Bxc4 Re8 23. e5 Ng4 24. 0-0 Bxf2+ 25. Rxf2 Nxf2 26. Kxf2 Re7 27. Bxe7+ Kxe7 28. Rd6 b5 29. Bb3 a5 30. Nd4 b4 31. Nf5+ Ke8 32. axb4 axb4 33. Na4 Ba6 34. Nxg7+ Ke7 35. Nb6 Rf8+ 36. Kg3 Rb8 37. Rxd7+ Kf8 38. Rf7+ Kg8 39. Rb7+ Kf8 40. Ne6+ Kg8 41. Rxb8+ Kf7 42. Nc7+ Kg6 43. Nxa6 h5 44. e6 Kg5 45. e7 h4+ 46. Kf2 Kg4 47. e8Q h3 48. Qe6+ Kg5 49. Rg8+ Kf4 50. Rf8+ Kg5 51. Qxh3 c5 52. Qg3+ Kh5 53. Rh8# 1-0

[Event "GER-chT U12 Girls"]
[Site "Berlin"]
[Date "2022.12.27"]
[Round "2"]
[White "Funke, Luise"]
[Black "Krannich, Eva"]
[Result "0-1"]
[WhiteElo "1091"]
[BlackElo "948"]
[PlyCount "92"]
[EventDate "2022.12.26"]
[EventType "team-swiss"]
[EventRounds "7"]
[EventCountry "GER"]
[SourceTitle "CBM 212 Extra"]
[Source "ChessBase"]
[SourceDate "2023.03.31"]
[SourceVersion "1"]
[SourceVersionDate "2023.03.31"]
[SourceQuality "1"]
[WhiteTeam "Magdeburg Schachzwerge"]
[BlackTeam "Heidesheim"]
[WhiteTeamCountry "GER"]
[BlackTeamCountry "GER"]

1. e4 e6 2. d4 d5 3. exd5 exd5 4. Nc3 c6 5. Nf3 Bd6 6. Bd3 Ne7 7. 0-0 Bg4 8. Be2 Nd7 9. h3 Bh5 10. Re1 Qc7 11. b3 0-0-0 12. a4 Nb8 13. a5 a6 14. Ba3 Bxa3 15. Rxa3 Qd6 16. Ra4 Rd7 17. b4 h6 18. Qa1 Bg6 19. Ne5 Rc7 20. Bg4+ Kd8 21. Rb1 Ng8 22. Bf5 Bxf5 23. b5 Bxc2 24. b6 Re7 25. Qb2 Bxb1 26. Qxb1 Nd7 27. Nd3 Ngf6 28. Ra1 Ne4 29. Ne2 g5 30. Ng3 Nxg3 31. fxg3 Qxg3 32. Nf2 h5 33. Qf1 g4 34. Nh1 Qe3+ 35. Nf2 g3 36. Ra2 Qe1 37. Nd3 Qxf1+ 38. Kxf1 Re3 39. Rd2 Rf8 40. Rd1 f5 41. Nf4 Nf6 42. Nd3 Ne4 43. h4 Nc3 44. Rd2 f4 45. Nxf4 Rxf4+ 46. Kg1 Re1# 0-1

[Event "GER-ch U14 Girls"]
[Site "Willingen"]
[Date "2022.06.08"]
[Round "5"]
[White "Margaryan, Sofia"]
[Black "Funke, Luise"]
[Result "1-0"]
[WhiteElo "1181"]
[BlackElo "970"]
[PlyCount "69"]
[EventDate "2022.06.04"]
[EventType "swiss"]
[EventRounds "9"]
[EventCountry "GER"]
[SourceTitle "CBM 208 Extra"]
[Source "ChessBase"]
[SourceDate "2022.07.31"]
[SourceVersion "1"]
[SourceVersionDate "2022.07.31"]
[SourceQuality "1"]

1. d4 d5 2. c4 e6 3. Nf3 Nf6 4. g3 Be7 5. Bg2 0-0 6. cxd5 exd5 7. 0-0 Be6 8. Nc3 c6 9. Qc2 Nbd7 10. a3 Re8 11. b4 Nf8 12. Ne5 Bd6 13. Nf3 Ng6 14. Bg5 Be7 15. e3 Nh5 16. Bxe7 Rxe7 17. Rac1 Qd7 18. a4 Bg4 19. Qb2 Rae8 20. Rfe1 Bh3 21. Qd2 Qg4 22. Ne2 Nf6 23. Qb2 Bxg2 24. Kxg2 Ne4 25. h3 Qh5 26. Rh1 Qf5 27. h4 Qg4 28. h5 Nf8 29. Rh4 Qe6 30. Nc3 Nd7 31. Nd2 Ndf6 32. h6 Ng4 33. Ncxe4 dxe4 34. d5 cxd5 35. Qxg7# 1-0

[Event "GER-ch U14 Girls"]
[Site "Willingen"]
[Date "2022.06.05"]
[Round "1"]
[White "Funke, Luise"]
[Black "Stepanjan, Marianne"]
[Result "0-1"]
[WhiteElo "970"]
[BlackElo "1489"]
[PlyCount "38"]
[EventDate "2022.06.04"]
[EventType "swiss"]
[EventRounds "9"]
[EventCountry "GER"]
[SourceTitle "CBM 208 Extra"]
[Source "ChessBase"]
[SourceDate "2022.07.31"]
[SourceVersion "1"]
[SourceVersionDate "2022.07.31"]
[SourceQuality "1"]

1. e4 c5 2. Nf3 d6 3. d4 cxd4 4. Nxd4 Nf6 5. Nc3 e6 6. Qf3 a6 7. Be3 Qc7 8. Bd3 Nc6 9. 0-0-0 Bd7 10. g4 Ne5 11. Qg3 Nfxg4 12. Bf4 Nf6 13. Be2 b5 14. Bxe5 dxe5 15. h4 Rc8 16. Nf3 Nxe4 17. Qh2 Nxc3 18. bxc3 Qxc3 19. Rd2 Qa1# 0-1

[Event "GER-ch U10 Girls"]
[Site "Willingen"]
[Date "2021.08.26"]
[Round "7"]
[White "Borck, Elena"]
[Black "Funke, Luise"]
[Result "0-1"]
[WhiteElo "775"]
[BlackElo "737"]
[PlyCount "66"]
[EventDate "2021.08.22"]
[EventType "swiss"]
[EventRounds "11"]
[EventCountry "GER"]
[SourceTitle "EXT 2022"]
[Source "ChessBase"]
[SourceDate "2021.10.06"]
[SourceVersion "1"]
[SourceVersionDate "2021.10.06"]
[SourceQuality "1"]

1. c4 e5 2. Nc3 Nf6 3. g3 Nc6 4. Bg2 Be7 5. e3 d6 6. Nge2 0-0 7. 0-0 Be6 8. d4 Bxc4 9. b3 Be6 10. Qc2 Qd7 11. d5 Nb4 12. Qd2 Bg4 13. Re1 Bxe2 14. Rxe2 c6 15. e4 Qg4 16. Re3 Qh5 17. Ba3 Na6 18. Rb1 Ng4 19. Re2 Bg5 20. Qd3 Qxh2+ 21. Kf1 Nc5 22. Qc4 b6 23. dxc6 Rac8 24. Qb5 h6 25. Rd1 Rfd8 26. Rd5 Ne6 27. Bxd6 Nd4 28. Qc4 Nxe2 29. Nxe2 Re8 30. c7 Re6 31. b4 Rf6 32. f3 Rxf3+ 33. Bxf3 Qf2# 0-1

[Event "GER-ch U10 Girls"]
[Site "Willingen"]
[Date "2021.08.26"]
[Round "6"]
[White "Funke, Luise"]
[Black "Wilke, Ronja"]
[Result "0-1"]
[WhiteElo "737"]
[BlackElo "823"]
[PlyCount "74"]
[EventDate "2021.08.22"]
[EventType "swiss"]
[EventRounds "11"]
[EventCountry "GER"]
[SourceTitle "EXT 2022"]
[Source "ChessBase"]
[SourceDate "2021.10.06"]
[SourceVersion "1"]
[SourceVersionDate "2021.10.06"]
[SourceQuality "1"]

1. e4 e5 2. Nf3 Nc6 3. Bc4 Bc5 4. c3 Nf6 5. d4 exd4 6. cxd4 Bb4+ 7. Bd2 Bxd2+ 8. Nbxd2 d5 9. e5 Qe7 10. Bb3 0-0 11. 0-0 Nd7 12. Bxd5 Nb4 13. Bc4 b6 14. a3 Na6 15. Qe2 Nab8 16. Qe4 c6 17. Bd3 g6 18. Nh4 Qg5 19. Ndf3 Qh6 20. Nf5 gxf5 21. Qxf5 Nc5 22. Qf6 Qxf6 23. exf6 Nxd3 24. Rab1 c5 25. Rfd1 Nf4 26. d5 Rd8 27. d6 Nd7 28. g3 Nh5 29. Nh4 Ndxf6 30. Rd3 Ne4 31. Re1 Nxd6 32. Rde3 Bb7 33. Re5 Ng7 34. Rg5 f6 35. Rg4 Re8 36. Rd1 Kf7 37. Rxd6 Re1# 0-1

[Event "GER-ch U10 Girls"]
[Site "Willingen"]
[Date "2021.08.25"]
[Round "5"]
[White "Marrufo, Leandra"]
[Black "Funke, Luise"]
[Result "1-0"]
[WhiteElo "755"]
[BlackElo "737"]
[PlyCount "67"]
[EventDate "2021.08.22"]
[EventType "swiss"]
[EventRounds "11"]
[EventCountry "GER"]
[SourceTitle "EXT 2022"]
[Source "ChessBase"]
[SourceDate "2021.10.06"]
[SourceVersion "1"]
[SourceVersionDate "2021.10.06"]
[SourceQuality "1"]

1. e4 e5 2. Nf3 Nc6 3. Bc4 Bc5 4. d3 Nf6 5. Nc3 d6 6. h3 Be6 7. 0-0 0-0 8. Bg5 h6 9. Bh4 Bxc4 10. dxc4 Qe7 11. a3 Qe6 12. Ne1 Nh5 13. Qxh5 Qxc4 14. Ne2 Qxe4 15. c3 Na5 16. b4 Nb3 17. Rd1 Bb6 18. a4 a5 19. Ng3 Qf4 20. Nd3 Qc4 21. Ne2 e4 22. Ndf4 c6 23. Qg4 Kh8 24. Rxd6 Bc7 25. Rdd1 axb4 26. cxb4 Qxb4 27. Qh5 c5 28. Bg5 Nd4 29. Bxh6 Nxe2+ 30. Nxe2 gxh6 31. Qxh6+ Kg8 32. Ng3 c4 33. Nh5 Bd8 34. Qg7# 1-0